Έρασμος
Αποθηκεύτηκε σε:
| Κύριος συγγραφέας: | |
|---|---|
| Άλλοι συγγραφείς: | |
| Μορφή: | Βιβλίο |
| Γλώσσα: | Greek German |
| Δημοσίευση: |
[Αθήνα;] :
Γκοβόστη,
[1---;].
|
| Θέματα: | |
| Ετικέτες: |
Προσθήκη ετικέτας
Δεν υπάρχουν, Καταχωρήστε ετικέτα πρώτοι!
|
MARC
| LEADER | 00000cam a2200000 a 4500 | ||
|---|---|---|---|
| 001 | 1/117494 | ||
| 008 | 181109n1---####gr | ||| |||| ||gre|| | ||
| 040 | |a GR-MyUa |b gre |c GR-MyUa |e AACR2 | ||
| 041 | 1 | |a gre |h ger | |
| 082 | 7 | |a 923.6 |2 (23) | |
| 100 | 1 | |a Zweig, Stefan, |d 1881-1942. | |
| 245 | 1 | 0 | |a Έρασμος / |c Στέφαν Τσβάϊχ. |
| 260 | |a [Αθήνα;] : |b Γκοβόστη, |c [1---;]. | ||
| 300 | |a 167 σ. : |b εικ. ; |c 23 εκ. | ||
| 600 | 1 | 0 | |a Erasmus, Desiderius, |d 1466-1536. |
| 650 | 0 | |a Christianiity and religious humanism. | |
| 650 | 0 | |a Language and languages |x Philosophy. | |
| 650 | 0 | |a Philosophers. | |
| 700 | 1 | |a Μπεράτης, Γιάννης, |d 1904-1968, |e trl | |
| 852 | |a INST |b RHODES |c AKA |e 20181109 |h 923.6 ZWE |p 005400040295 |q 005400040295 |t BK |y 0 | ||
| 970 | |a Μαρία |b Κωτάκου |z 09-11-2018 | ||